000 00905nmc a2200325 a 4500
003 AR-X00000XY
005 20251128211956.0
008 137020s1999 ||||||||||||||000 | spa||
020 _a0-582-41639-6
040 _cAR-X00000XY
100 1 _aDoyle, Arthur Conan
_cSir
_d1859-1930
245 1 0 _aA scandal in Bohemia
260 _aHarlow
_bPearson Education Limited
_c1999
300 0 _a85 p.
490 0 _aPenguin readers. Level 3
_vv. 5
500 0 _aNivel pre-intermedio [1.200 words]
650 4 _aENSENANZA DE IDIOMAS
650 4 _aINGLES
650 4 _aENSENANZA DE SEGUNDA LENGUA
650 4 _aACTIVIDADES DE APRENDIZAJE
650 4 _aVOCABULARIO
653 0 _aADAPTACIONES LITERARIAS
653 0 _aCUENTOS DE MISTERIO
655 _aLITERATURA
700 1 _aHolt, Ronald
_eadaptador
800 1 _aHopkins, Andy
800 1 _aPotter, Jocelyn
942 _cBK
998 _cNancy
999 _c21872
_d21872